All Of Taylor Swift's Songs That Have Over 1B Streams On Spotify - Statistics

General Stats
  • This quiz has been taken 68 times
  • The average score is 11 of 14
Answer Stats
Streams Answer % Correct
2.60B Cruel Summer
95%
1.51B Shake It Off
95%
1.95B Blank Space
93%
1.48B cardigan
86%
1.60B Lover
84%
1.71B Anti-Hero
82%
1.30B Style
82%
1.23B Look What You Made Me Do
81%
1.30B august
72%
1.01B Wildest Dreams
68%
1.76B* I Don't Wanna Live Forever
65%
1.00B You Need To Calm Down
63%
1.26B Don't Blame Me
60%
1.07B Delicate
58%
No matching quizzes found
Score Distribution
Percent of People with Each Score
Percentile by Number Answered
Your Score History
You have not taken this quiz